000 00572cam a2200205 4500500
005 20260329005352.0
041 _afre
042 _adc
100 1 0 _aDurand, Jean-Marie
_eauthor
245 0 0 _aÊtre soi
260 _c2023.
500 _a30
690 _aEssentiel
690 _aIntériorité
690 _aPsychanalyse
690 _aSoi
690 _aThérapie
786 0 _nPhilosophie magazine | 169 | 5 | 2023-05-01 | p. 59-60 | 1951-1787
856 4 1 _uhttps://shs.cairn.info/magazine-philosophie-magazine-2023-5-page-59?lang=fr&redirect-ssocas=7080
999 _c1842737
_d1842737